| 000 | 04585nam a2200481 i 4500 | ||
|---|---|---|---|
| 001 | 2514 | ||
| 003 | gtuscu | ||
| 005 | 20251110122807.0 | ||
| 007 | ta | ||
| 008 | 251107e1991 gt a|||| |||| 00| 0 spa d | ||
| 040 |
_agtuscu _bspa _cgtuscu _dgtuscu _erda |
||
| 082 | 0 | 4 | _aUSAC 304.2 C346 |
| 100 | 1 |
_aCastañeda Salguero, César _917 _ecreador |
|
| 245 | 1 |
_aInteracción naturaleza y sociedad guatemalteca : _bintroducción a su conocimiento / _cCésar Castañeda Salguero. |
|
| 264 | 1 |
_aGuatemala : _bUniversidad de San Carlos de Guatemala, Facultad de Agronomía, _c1991. |
|
| 300 |
_a148 páginas : _bilustraciones (algunas a color) ; _c21 cm |
||
| 336 |
_2rdacontenido _atexto _btxt |
||
| 337 |
_2rdamedio _asin mediación _bn |
||
| 338 |
_2rdasoporte _avolumen _bnc |
||
| 490 |
_aColección Editorial Universitaria ; _vNo. 85 |
||
| 500 | _aTrabajo realizado en el Instituto de Investigaciones Agronómicas (IIA) de la Facultad de Agronomía de la Univiversidad de San Carlos. | ||
| 505 | 0 | _gPresentación | |
| 505 | 0 | _gA manera de Prólogo | |
| 505 | 0 |
_g1. _tPrimeras prácticas sociales en el uso de la naturaleza -- |
|
| 505 | 0 |
_g2. _tLa naturaleza y sus fenómenos -- |
|
| 505 | 0 |
_g3. _tSistemas biológicos, ecológicos y sociales -- |
|
| 505 | 0 |
_g4. _tEcosistemas humanos -- |
|
| 505 | 0 |
_g5. _tLos Recursos Naturales -- |
|
| 505 | 0 |
_g6. _tLa relación sociedad-naturaleza en Guatemala: un producto histórico -- |
|
| 505 | 0 |
_g7. _tManejo de la naturaleza en Guatemala -- |
|
| 505 | 0 |
_g8. _tManejo de la naturaleza en las comunidades indígenas y sus prácticas productivas -- |
|
| 505 | 0 |
_g9. _tLa ciencias en el manejo de los recursos naturales -- |
|
| 505 | 0 |
_g10. _tConclusiones -- |
|
| 505 | 0 |
_g11. _tApéndices -- |
|
| 505 | 0 |
_g12. _tBibliografía. |
|
| 520 | 3 | _aCésar A. Castañeda Salguero es Ingeniero agrónomo de lo facultad de Agronomía, Universidad de San Carlos de Guatemala (1,973) y con maestría en ciencias (ecología vegetal) de la Universidad de Rhode Island, USA (1,976). Ha sido profesor a tiempo completo en la facultad de Agronomía desde 1,976, coordinador de la Comisión de Reestructuro (1,978-79) del Área de Ciencias (1,980-83) Decano (1,983-87) de la misma facultad y Presidente de la Junta Directiva del 1er. Congreso Forestal de Guatemala (1,989). En los últimos tres años, profesor e investigador de la facultad de Agronomía y del Centro de Estudios Urbanos y Regionales, ambos de la Universidad de San Carlos. En esta obra César A. Castañeda hace un ameno trabajo de interpretación científica —relacionando diversas disciplinas— "Interacción Naturaleza y Sociedad Guatemalteca". Presenta elementos básicos para dilucidar el problema del deterioro del ambiente —natural y social— de Guatemala y establecer estrategias de desarrollo con base en la utilización nacional y patriótica de nuestros recursos naturales. Fincando su objeto de estudio en la dinámica del ecosistema de nuestro país, explica los fundamentos científicos para comprender su deterioro —intencional o no— utilizando aspectos teóricos generales como las prácticas sociales iniciales de interacción con la naturaleza, las primeras percepciones que tuvo el hombre mesoamericano de su ambiente y la relación de algunos elementos naturales —como el copal, palo de pito, maíz y otras plantas, animales y fenómenos naturales— en la cosmovisión y cultura de nuestro pueblo; asimismo, aplica a nuestra realidad los conceptos de naturaleza, sistema (biológicos, ecológicos y sociales) y su manejo. Con esa base enfatiza que el desarrollo del ser humano es fundamental en la conservación de la naturaleza, Introduciendo un giro en la forma tradicional y reduccionista de ver la conservación únicamente como la protección, pensando que la naturaleza no debía transformarse; el concepto forma parte de una filosofía más amplia, donde la vida humana es el objetivo principal. La línea filosófica del trabajo es la vinculación de lo social y lo natural, y por ello el problema ambiental es derivado del seno de la sociedad y se resolverá en la medida que ésta tenga transformaciones que conduzcan a relaciones más armoniosas y favorables con la naturaleza en su conjunto. | |
| 650 | 1 | 7 |
_aEcología humana _953 |
| 650 | 1 | 7 |
_2LEMB _aDeterioro ambiental _zGuatemala _954 |
| 650 | 1 | 7 |
_2LEMB _aDeterioro ambiental _zGuatemala _954 |
| 650 | 1 | 7 |
_2LEMB _aHombre _vInfluencia sobre la naturaleza _955 |
| 650 | 1 | 7 |
_aEcología _vAspectos socioeconómicos _956 |
| 942 |
_2ddc _cBK _hUSAC 304.2 C346 _n0 |
||
| 999 |
_c2514 _d2514 |
||